| 000 | 00939nam a2200181 4500 | ||
|---|---|---|---|
| 999 |
_c3558 _d3558 |
||
| 001 | 4309 | ||
| 005 | 20191028123508.0 | ||
| 008 | 191028b ||||| |||| 00| 0 eng d | ||
| 090 | 0 | 0 | _a244.2 N1748t 2012 |
| 245 | 0 | 0 |
_aསྟོན༌པ༌ཐུགས༌རྗེ༌ཅན༌གྱི༌རྣམ༌ཐར། འཕགས༌བོད༌པན༌གྲུབ༌རྒྱ༌མཚོའི༌རྟོགས༌བརྗོད༌བཅས༌ཕྱོགས༌གཅིག༌ཏུ༌བཀོད༌པ༌དད༌གསུམ༌པདྨོ༌བཞད༌པའི༌ཉིན༌བྱེད༌ཅེས༌བྱ༌བ༌བཏུགས༌སོ། _cNamkhai Nyingpo Dratshang. |
| 246 | _a[Biography of Lord Buddhha]. | ||
| 260 | 0 | 0 |
_aBumthang : _bNamkhai Nyingpo Dratshang, _c2012. |
| 300 | 0 | 0 | _a764 p. ; 25 cm. |
| 500 | 0 | 0 | _aIn Dzongkha. |
| 650 | 0 | 0 | _aBuddhism --Doctrines. |
| 650 | 0 | 0 | _aReligious aspects --Buddhism. |
| 942 |
_2ddc _cRESERVE |
||